| 000 | 00639pam a2200241 i 4500 | ||
|---|---|---|---|
| 001 | 3682047 | ||
| 003 | OSt | ||
| 005 | 20180116183024.0 | ||
| 008 | 780914s1979 nyu 000 1 eng | ||
| 010 | _a 78010860 | ||
| 020 | _a0688034128 | ||
| 040 |
_aDLC _cDLC _dDLC |
||
| 050 | 0 | 0 |
_aPZ4.C2462 _bLi _aPS3553.A584 |
| 082 | 0 | 0 | _a813.54 |
| 100 | 1 | _aCaplan, Thomas. | |
| 245 | 1 | 0 |
_aLine of chance . _ba novel / _cby Thomas Caplan. |
| 250 | _a1st ed. | ||
| 260 |
_aNew York : _bMorrow, _c1979. |
||
| 300 |
_a468 p. ; _c24 cm. |
||
| 500 | _aPaper Cover | ||
| 906 |
_a7 _bcbc _corignew _d1 _eocip _f19 _gy-gencatlg |
||
| 942 |
_2ddc _cBK _k813.54 |
||
| 999 |
_c350717 _d350717 |
||